| 000 | 01216nam a2200265Ia 4500 | ||
|---|---|---|---|
| 003 | OSt | ||
| 005 | 20220930094755.0 | ||
| 006 | a|||||r|||| 00| 0 | ||
| 007 | ta | ||
| 008 | 220926b |||||||| |||| 00| 0 san d | ||
| 024 | _a11279 | ||
| 037 | _cTheses | ||
| 040 |
_aCRL _cCRL _bsan |
||
| 041 |
_2san _asan |
||
| 100 |
_aअवधेश प्रताप सिंह, ले. _9156325 |
||
| 110 | _aदिल्ली विश्वविद्यालय. कला संकाय. संसकृत विभाग | ||
| 245 | 0 | _aब्रह्मसूत्राशाšरभाष्य में उपस्थापित वाद - - प्रतिवाद की शास्त्रीय समीक्षा | |
| 246 | _aBrahmasūtrāshāšrabhāṣhya mean upasthāpit vād - - prativād kī shāstrīya samīkṣhā | ||
| 260 | _c2012 | ||
| 300 |
_a307पृ0 _ap. _ccm. |
||
| 650 | _aसंस्कृत साहित्य | ||
| 700 | _aदिल्ली विश्वविद्यालय. कला संकाय. संसकृत विभाग | ||
| 942 |
_cDIS _2CC |
||
| 999 |
_c887659 _d887659 |
||